00370nam a2200133Ia 450000500170000000800410001702000180005808200200007610000420009624500350013826000270017330000110020065000250021120250212142120.0231217s9999 xx 000 0 und d a9788178817316 a362.1 BHA;1 R aBhaskar, Danteshwari. Sumalata, B ed. 0aEffective health communication c2005bIcfaiaHyderabad ax, 227 ahealth,communication